Baby Girl Names Popular in 1915 and 2015 Quiz Stats

 Plays Quiz Updated Jul 22, 2017

Support Sporcle.
Go Orange.
Score 0/121 Timer 15:00
4 Plays Today
Rank Name % Correct
1915: 1 2015: 124Mary
87.2%
1915: 8 2015: 13Elizabeth
81.9%
1915: 313 2015: 175Eliza
80.8%
1915: 7 2015: 44Anna
77.2%
1915: 106 2015: 162Sara
74.7%
1915: 51 2015: 58Sarah
72%
1915: 40 2015: 1Emma
71.5%
1915:19 2015: 179Catherine
70.9%
1915: 99 2015: 8Emily
69.4%
1915: 49 2015: 84Katherine
67.2%
1915: 69 2015: 288Jane
66.5%
1915: 146 2015: 109Maria
64.1%
1915: 4 2015: 293Margaret
64%
1915: 16 2015: 166Rose
63.4%
1915: 61 2015: 322Laura
61.5%
1915: 302 2015: 2Olivia
61.2%
1915: 156 2015: 167Rachel
59.6%
1915: 253 2015: 28Hannah
59.1%
1915: 151 2015: 20Victoria
57.1%
1915: 44 2015: 89Julia
55.6%
1915: 159 2015: 188Rebecca
55%
1915: 81 2015: 9Charlotte
54.6%
1915: 177 2015: 149Isabel
54.5%
1915: 27 2015: 19Grace
54.4%
1915: 326 2015: 222Kate
53.4%
1915: 467 2015: 453Julie
53.1%
1915: 2 2015: 419Helen
51.9%
1915: 239 2015: 158Amy
51.6%
1915: 13 2015: 87Alice
51.3%
1915: 137 2015: 62Caroline
51.2%
1915: 321 2015: 25Lily
50.6%
1915: 227 2015: 3Sophia
50.3%
1915: 5 2015: 293Ruth
50.1%
1915: 75 2015: 18Ella
48.8%
1915: 325 2015: 333Christina
47.5%
1915: 79 2015: 55Lucy
46.9%
1915: 181 2015: 309Katie
46.9%
1915: 387 2015: 5Isabella
46.8%
1915: 55 2015: 75Eva
46.4%
1915: 97 2015: 104Sophie
46.3%
1915: 36 2015: 323Annie
46%
Rank Name % Correct
1915: 471 2015: 4Ava
45.1%
1915: 490 2015: 295Diana
43.9%
1915: 10 2015: 15Evelyn
42.6%
1915: 287 2015: 316Amanda
42.4%
1915: 165 2015: 12Amelia
40.9%
1915: 28 2015: 60Eleanor
40.5%
1915: 331 2015: 144Molly
40%
1915: 204 2015: 49Claire
39.4%
1915: 15 2015: 26Lillian
36.6%
1915: 24 2015: 83Ruby
36.2%
1915: 131 2015: 183Daisy
36.2%
1915: 178 2015: 94Isabelle
35.9%
1915: 144 2015: 41Nora
35.9%
1915: 82 2015: 50Violet
35.9%
1915: 123 2015: 264Olive
35.8%
1915: 225 2015: 220Angela
35.5%
1915: 22 2015: 131Josephine
35.5%
1915: 485 2015: 74Bella
35.2%
1915: 38 2015: 98Clara
35%
1915: 283 2015: 27Natalie
34.4%
1915: 96 2015: 280June
34.2%
1915: 60 2015: 319Kathryn
34.1%
1915: 111 2015: 230Georgia
34%
1915: 308 2015: 208Stephanie
33.8%
1915: 252 2015: 36Leah
32.5%
1915: 33 2015: 203Esther
32.3%
1915: 121 2015: 90Madeline
29.7%
1915: 185 2015: 368Veronica
29.6%
1915: 119 2015: 88Cora
29.2%
1915: 150 2015: 241Maggie
29%
1915: 127 2015: 37Audrey
28.1%
1915: 64 2015: 51Stella
27.9%
1915: 455 2015: 258Jacqueline
27.8%
1915: 78 2015: 95Vivian
26.9%
1915: 251 2015: 217Iris
26.5%
1915: 360 2015: 139Lilly
26.3%
1915: 412 2015: 231Hope
25.9%
1915: 29 2015: 283Lucille
25.9%
1915: 445 2015: 436Joy
25.6%
1915: 484 2015: 129Ivy
25%
1915: 26 2015: 63Hazel
24.6%
Rank Name % Correct
1915: 473 2015: 171Valerie
24.5%
1915: 170 2015: 81Lydia
24.3%
1915: 128 2015: 77Naomi
23.9%
1915: 284 2015: 92Annabelle
22.9%
1915: 171 2015: 300Nina
22.1%
1915: 114 2015: 357Ada
21.9%
1915: 133 2015: 52Sadie
21.7%
1915: 65 2015: 312Vera
20.2%
1915: 257 2015: 477Millie
19.2%
1915: 136 2015: 224Lola
19%
1915: 199 2015: 164Angelina
18.8%
1915: 299 2015: 251Josie
18.8%
1915: 41 2015: 386Elsie
18.4%
1915: 77 2015: 272Lena
18.4%
1915: 451 2015: 174Elise
18.1%
1915: 433 2015: 287Phoebe
18.1%
1915: 286 2015: 165Gracie
17.2%
1915: 482 2015: 106Elena
17.1%
1915: 67 2015: 484Sylvia
16.9%
1915: 230 2015: 199Lila
16.7%
1915: 416 2015: 59Madelyn
14.1%
1915: 167 2015: 135Adeline
13.7%
1915: 76 2015: 182Genevieve
13.3%
1915: 464 2015: 301Madeleine
13.3%
1915: 479 2015: 246Camille
13.2%
1915: 221 2015: 181Cecilia
13%
1915: 138 2015: 294Miriam
12.8%
1915: 282 2015: 255Allie
12.4%
1915: 207 2015: 256Eloise
12.2%
1915: 262 2015 273:Adelaide
12.1%
1915: 246 2015: 404Gwendolyn
11.6%
1915: 113 2015: 488Hattie
10.7%
1915: 267 2015: 382Carmen
10.1%
1915: 468 2015: 161Valeria
10%
1915: 197 2015: 266Rosalie
9.7%
1915: 347 2015: 481Willa
9.7%
1915: 316 2015: 196Callie
9.4%
1915: 447 2015: 261Evangeline
8.8%
1915: 307 2015: 247Leila
7.7%

You're not logged in!

Compare scores with friends on all Sporcle quizzes.
OR
Log In
Forgot?

From the Vault

Bands By Last Name III

by gingerlover

We have no doubt that you'll do well on this quiz.
Remove Ads.
Support Sporcle.
Get the best of Sporcle when you Go Orange. This ad-free experience offers more features, more stats, and more fun while also helping to support Sporcle. Thank you for becoming a member.

Show Comments

Extras

Top Quizzes Today


Score Distribution

Your Account Isn't Verified!

In order to create a playlist on Sporcle, you need to verify the email address you used during registration. Go to your Sporcle Settings to finish the process.

Report this User

Report this user for behavior that violates our Community Guidelines.

Details: